| 000 | 00792nam a2200289 a 4500 | ||
|---|---|---|---|
| 003 | AR-BaBNM | ||
| 005 | 20251128202948.0 | ||
| 008 | 082120s2002 ||||||||||||||000 | spa|| | ||
| 040 | _cAR-BaBNM | ||
| 100 | 1 | _aNewton, Jorge | |
| 245 | 0 | 0 |
_aUrquiza _bel vencedor de la tiranía |
| 250 | _a2ª ed. | ||
| 260 |
_aBuenos Aires _bClaridad _c1961 |
||
| 300 | _a349 p. | ||
| 490 | 0 |
_aBiblioteca de grandes biografías. A _vv. 12 |
|
| 504 | _aBibliografía principal: p. 343-344 | ||
| 650 | 4 | _aHISTORIA ARGENTINA | |
| 650 | 4 | _aBIOGRAFIAS | |
| 650 | 4 | _aGUERRAS CIVILES ARGENTINAS | |
| 650 | 4 | _aROSAS Y SU TIEMPO | |
| 650 | 4 | _aPRONUNCIAMIENTO DE URQUIZA | |
| 650 | 4 | _aBATALLA DE CASEROS | |
| 650 | 4 | _aORGANIZACION NACIONAL | |
| 655 | _aBIOGRAFIAS | ||
| 942 | _cBK | ||
| 998 | _cEnrique | ||
| 999 |
_c1287 _d1287 |
||